000 00453nam a2200181Ia 4500
008 151202s9999||||xx |||||||||||||| ||und||
082 _bPNVM-11217
100 _aTIMES OF INDIA.
245 _aLIVE SUCCESSFULLY BOOK.
260 _bTIMIS OF INDIA BOMBAY.
260 _c0
300 _a212
600 _aTIMES OF INDIA.
630 _aLIVE SUCCESSFULLY BOOK.
700 _aTIMES OF INDIA.
730 _aLIVE SUCCESSFULLY BOOK.
942 _cBOOK
999 _c1277204
_d1277201